El hombre Shakespeare y su vida trágica / (Record no. 78047)

MARC details
000 -LEADER
campo de control de longitud fija 00761nam a2200217 i 4500
001 - NÚMERO DE CONTROL
campo de control 78047
003 - IDENTIFICADOR DE NÚMERO DE CONTROL
campo de control ES-MaACL
005 - FECHA Y HORA DE LA ÚLTIMA TRANSACCIÓN
campo de control 20250716062526.0
007 - CAMPO FIJO DE DESCRIPCIÓN FÍSICA--INFORMACIÓN GENERAL
campo de control de longitud fija t|
008 - DATOS DE LONGITUD FIJA--INFORMACIÓN GENERAL
campo de control de longitud fija 041011s1947 ag ||||1| spa d
080 ## - NÚMERO DE LA CLASIFICACIÓN DECIMAL UNIVERSAL
Número de la Clasificación Decimal Universal 821.111 Shakespeare, William 1.07
080 ## - NÚMERO DE LA CLASIFICACIÓN DECIMAL UNIVERSAL
Número de la Clasificación Decimal Universal 929 Shakespeare, William
100 0# - ENTRADA PRINCIPAL--NOMBRE DE PERSONA
Nombre de persona Harris, Frank,
Fechas asociadas al nombre 1855-1931
9 (RLIN) 61912
245 13 - MENCIÓN DEL TÍTULO
Título El hombre Shakespeare y su vida trágica /
Mención de responsabilidad, etc. Frank Harris ; [traducción directa de Luis Echávarri].
260 ## - PUBLICACIÓN, DISTRIBUCIÓN, ETC.
Lugar de publicación, distribución, etc. Buenos Aires :
Nombre del editor, distribuidor, etc. Losada,
Fecha de publicación, distribución, etc. [1947] (
Fabricante Bartolomé U. Chiesino)
300 ## - DESCRIPCIÓN FÍSICA
Extensión 458 p., 7 lám. ;
Dimensiones 23 cm +
Material acompañante/anejo 2 fasc.
600 14 - PUNTO DE ACCESO ADICIONAL DE MATERIA--NOMBRE DE PERSONA
Nombre de persona Shakespeare, William,
Fechas asociadas al nombre 1564-1616
9 (RLIN) 105992
700 1# - ENTRADA AGREGADA--NOMBRE PERSONAL
Nombre de persona Echávarri, Luis.
9 (RLIN) 46507
852 ## - LOCALIZACIÓN
Ubicación ES-MaACL
Número de control de estantería C-4747
Sublocalización o colección R.25142
Holdings
Estatus retirado Estado de pérdida Estado de daño No para préstamo Biblioteca de origen Biblioteca actual Ubicación en estantería Fecha de adquisición Fuente de adquisición Total de préstamos Signatura topográfica completa Código de barras Visto por última vez Precio de reemplazo Tipo de ítem Koha
        Biblioteca del Ateneo de Madrid Biblioteca del Ateneo de Madrid Sala Palomar 17/01/2008     C-4747 1081647 23/02/2023 23/02/2023 Libro impreso